Retail warehousing top again (Record no. 72293)
[ view plain ]
| 000 -LEADER | |
|---|---|
| fixed length control field | 01336cam a2200229 4500 |
| 001 - CONTROL NUMBER | |
| control field | WB3910-07 |
| 008 - FIXED-LENGTH DATA ELEMENTS--GENERAL INFORMATION | |
| fixed length control field | 030312n2003 000 0 eng u |
| 035 ## - SYSTEM CONTROL NUMBER | |
| System control number | (Sirsi) u121609 |
| 245 ## - TITLE STATEMENT | |
| Title | Retail warehousing top again |
| 260 ## - PUBLICATION, DISTRIBUTION, ETC. | |
| Date of publication, distribution, etc. | 2003 |
| 490 ## - SERIES STATEMENT | |
| Series statement | Property Week |
| Volume/sequential designation | 68(9) 7 March 2003, 18(1) |
| 520 ## - SUMMARY, ETC. | |
| Summary, etc. | Retail warehousing again produced the best returns (17.4%) of any property investment sector in 2002, as it has done in six of the previous 10 years (1993-1997) according to the "IPD UK annual index 2002". Retail returns rose to 14.1% from 5.5% in 2001, industrial returns to 10.8% but office total returns more than halved from 7.6% to 3.3%. Overall, property performed well in 2002 and the index confirms that property has been the best-performing UK asset in the past three, five and 10 years. Yields in 2002 improved whilst rents fell, something not previously noted by IPD since their records started in 1981. IPD index is available at http://www.ipdindex.co.uk/downloads/uk_annual_03.pdf |
| 590 ## - LOCAL NOTE (RLIN) | |
| Local note | WB |
| 650 ## - SUBJECT ADDED ENTRY--TOPICAL TERM | |
| Topical term or geographic name entry element | RETAIL WAREHOUSING |
| 650 ## - SUBJECT ADDED ENTRY--TOPICAL TERM | |
| Topical term or geographic name entry element | RETAIL SECTOR |
| 650 ## - SUBJECT ADDED ENTRY--TOPICAL TERM | |
| Topical term or geographic name entry element | INDUSTRIAL SECTOR |
| 650 ## - SUBJECT ADDED ENTRY--TOPICAL TERM | |
| Topical term or geographic name entry element | OFFICE SECTOR |
| 650 ## - SUBJECT ADDED ENTRY--TOPICAL TERM | |
| Topical term or geographic name entry element | IPD UK ANNUAL INDEX |
| 650 ## - SUBJECT ADDED ENTRY--TOPICAL TERM | |
| Topical term or geographic name entry element | INVESTMENT PROPERTY DATABANK INDEX |
| 690 ## - LOCAL SUBJECT ADDED ENTRY--TOPICAL TERM (OCLC, RLIN) | |
| Topical term or geographic name as entry element | PROPERTY-COMMERCIAL PROPERTY-COMMERCIAL PROPERTY FINANCE AND INVESTMENT |
| 942 ## - ADDED ENTRY ELEMENTS (KOHA) | |
| Suppress in OPAC | 0 |
| Withdrawn status | Lost status | Source of classification or shelving scheme | Damaged status | Not for loan | Home library | Current library | Shelving location | Date acquired | Total Checkouts | Full call number | Barcode | Date last seen | Copy number | Price effective from | Koha item type |
|---|---|---|---|---|---|---|---|---|---|---|---|---|---|---|---|
| Dewey Decimal Classification | London | London | News article | 12/03/2003 | WB3910-07 | 121609-1001 | 06/08/2019 | 1 | 06/08/2019 | News article |